Sports Quiz

Random Sports Quiz

Indians Opening Day First Basemen Since 1969 Quiz Stats

 Plays Quiz not verified by Sporcle

Score 0/49 Timer 10:00
0 Plays Today
Hint Answer % Correct
1997Jim Thome
94.8%
1999Jim Thome
94.8%
2000Jim Thome
94.8%
2001Jim Thome
94.8%
2002Jim Thome
94.8%
1977Andre Thornton
82.8%
1978Andre Thornton
82.8%
1979Andre Thornton
82.8%
2003Travis Hafner
82.8%
2015Carlos Santana
77.6%
1980Mike Hargrove
72.4%
1981Mike Hargrove
72.4%
1982Mike Hargrove
72.4%
1983Mike Hargrove
72.4%
2016Mike Napoli
70.7%
1992Paul Sorrento
67.2%
1993Paul Sorrento
67.2%
1995Paul Sorrento
67.2%
1994Eddie Murray
63.8%
2017Edwin Encarnacion
56.9%
1984Pat Tabler
48.3%
1985Pat Tabler
48.3%
1986Pat Tabler
48.3%
1987Pat Tabler
48.3%
1972Chris Chambliss
44.8%
Hint Answer % Correct
1973Chris Chambliss
44.8%
1974Chris Chambliss
44.8%
2009Victor Martinez
43.1%
1996Julio Franco
37.9%
2004Ben Broussard
37.9%
2005Ben Broussard
37.9%
2013Nick Swisher
37.9%
2014Nick Swisher
37.9%
2008Ryan Garko
36.2%
2012Casey Kotchman
36.2%
1991Brook Jacoby
34.5%
2007Casey Blake
31%
2010Matt LaPorta
31%
2011Matt LaPorta
31%
1969Tony Horton
29.3%
1970Tony Horton
29.3%
1988Willie Upshaw
29.3%
1975Boog Powell
27.6%
1976Boog Powell
27.6%
1989Pete O'Brien
24.1%
2006Eduardo Perez
24.1%
1990Keith Hernandez
22.4%
1971Ken Harrelson
17.2%
1998Jeff Manto
13.8%

You're not logged in!

Compare scores with friends on all Sporcle quizzes.
OR
Log In

Sporcle TV

Today on Sporcle TV


Watch our educational content, quiz creation guides, and fun videos on Sporcle TV.

Show Comments

Extras

Created Sep 18, 2017ReportNominate
Tags:1969, basemen, india

Top Quizzes Today


Score Distribution

Your Account Isn't Verified!

In order to create a playlist on Sporcle, you need to verify the email address you used during registration. Go to your Sporcle Settings to finish the process.

Report this User

Report this user for behavior that violates our Community Guidelines.

Details: